000 00537 a2200169 4500
999 _c4998
_d4998
010 _aENG-86609
020 _a8190396110
_c695.00
035 _aEN-70142
037 _bDBAD / PUB
082 1 4 _a306
245 1 _aSocial development :
_cedited by Rajeshwar Prasad
_brole of science and technology /
260 _aAgra
_bY.K. Publishers
_c2006
270 _aBlock-77, Sanjay Place,
_bAgra
_e282 002
_cU. P.
_k0562-2853506
300 _axxiii, 334p
_c22cm (Hb)
700 _aRajeshwar Prasad
942 _adpl
_cEN
_2ddc
_h306
_mSOC